[Event "38th Olympiad"]
[Site "Dresden GER"]
[Date "2008.11.13"]
[Round "1"]
[White "Nielsen,PH"]
[Black "Cekro,E"]
[Result "1-0"]
[WhiteElo "2662"]
[BlackElo "2419"]
[EventDate "2008.11.13"]

1. d4 Nf6 2. c4 d6 3. Nf3 Nc6 4. Nc3 Bg4 5. d5 Nb8 6. Bg5 Bxf3 7. exf3 Nbd7
8. Qd2 g6 9. O-O-O Bg7 10. h4 h6 11. Be3 c5 12. g4 Qa5 13. Be2 O-O-O 14.
Qc2 a6 15. Kb1 Kb8 16. Bd2 Qc7 17. f4 Nb6 18. Rde1 Rde8 19. g5 Nfd7 20. Ne4
e6 21. Ba5 exd5 22. cxd5 Ka7 23. Bg4 h5 24. Bh3 Bd4 25. Rd1 Qb8 26. Ng3 Re7
27. f5 Qe8 28. Bg2 Nc8 29. f6 Re5 30. f4 Re3 31. Ne4 Ndb6 32. Bd2 Nxd5 33.
Nxc5 dxc5 34. Bxd5 Re2 35. Rhe1 Nd6 36. f5 gxf5 37. Rxe2 Qxe2 38. Bf4 Qxc2+
39. Kxc2 Ne4 40. Bxf7 Rf8 41. Bxh5 Bf2 42. f7 Bxh4 43. g6 Bf6 44. Bh6 1-0

[Event "38th Olympiad"]
[Site "Dresden GER"]
[Date "2008.11.13"]
[Round "1"]
[White "Saiboulatov,D"]
[Black "Schandorff,L"]
[Result "1/2-1/2"]
[WhiteElo "2360"]
[BlackElo "2520"]
[EventDate "2008.11.13"]

1. e4 e5 2. Nf3 Nc6 3. Bb5 a6 4. Bxc6 dxc6 5. O-O Qf6 6. d4 exd4 7. Bg5 Qd6
8. Nxd4 Bd7 9. Nc3 Be7 10. Bxe7 Nxe7 11. Nb3 Qxd1 12. Raxd1 b6 13. Rd2
O-O-O 14. Rfd1 c5 15. Nd5 Nc6 16. Ne3 Rhe8 17. f3 Be6 18. Rxd8+ Nxd8 19.
Nc1 Nc6 20. Kf2 Nd4 21. a3 a5 22. h3 Rd8 23. c3 Nc6 24. Rxd8+ Kxd8 25. f4
f6 26. Nd3 Ke7 27. h4 h5 28. Kf3 Kd6 29. Nf2 b5 30. g4 hxg4+ 31. Nfxg4 b4
32. h5 Ke7 33. h6 gxh6 34. Nxh6 Na7 35. f5 Bf7 36. c4 Nc6 37. Nhg4 Nd4+ 38.
Kf4 Ne2+ 39. Kf3 Nd4+ 40. Kf4 Ne2+ 41. Kf3 Ke8 1/2-1/2

[Event "38th Olympiad"]
[Site "Dresden GER"]
[Date "2008.11.13"]
[Round "1"]
[White "Glud,J"]
[Black "Laurent,B"]
[Result "1-0"]
[WhiteElo "2441"]
[BlackElo "2370"]
[EventDate "2008.11.13"]

1. c4 g6 2. g3 Bg7 3. Bg2 d6 4. Nc3 Nf6 5. d3 O-O 6. Bg5 h6 7. Bd2 e5 8. e4
a6 9. Nge2 b5 10. O-O Nbd7 11. h3 Nc5 12. Be3 b4 13. Nd5 a5 14. Nxf6+ Qxf6
15. f4 Qe7 16. f5 Kh7 17. Qd2 Bd7 18. Rf2 g5 19. Raf1 f6 20. Bf3 Be8 21. h4
Rh8 22. Rh2 Kg8 23. Kg2 Bf7 24. Rfh1 c6 25. hxg5 hxg5 26. Rxh8+ Bxh8 27.
Bh5 Bg7 28. Bxf7+ Kxf7 29. Nc1 d5 30. cxd5 cxd5 31. Qc2 Nb7 32. Qc6 Rd8 33.
Nb3 Qd7 34. Rc1 Bf8 35. Qb6 Bd6 36. Nxa5 Nxa5 37. Qxa5 d4 38. Qd5+ Kg7 39.
Bd2 Be7 40. Qc4 Qb7 41. Kf3 Ra8 42. Qb3 Qa6 43. Rc7 Kf8 44. Bxb4 1-0

[Event "38th Olympiad"]
[Site "Dresden GER"]
[Date "2008.11.13"]
[Round "1"]
[White "Irwanto,S"]
[Black "Khamrakulov,D"]
[Result "1-0"]
[WhiteElo "2441"]
[BlackElo "2533"]
[EventDate "2008.11.13"]

1. d4 d5 2. Nf3 Nf6 3. c4 e6 4. Nc3 Be7 5. Bg5 O-O 6. e3 Nbd7 7. cxd5 exd5
8. Be2 c6 9. O-O Re8 10. Qc2 Ne4 11. Bf4 Bd6 12. Bd3 Ndf6 13. Ne5 g5 14.
Nxe4 dxe4 15. Bc4 Nd5 16. Bg3 f6 17. f3 Kg7 18. fxe4 Nxe3 19. Qd3 Nxc4 20.
Nxc4 Bxg3 21. hxg3 Be6 22. b3 Qe7 23. Rae1 Rad8 24. Qc3 Bxc4 25. bxc4 c5
26. d5 Qe5 27. Qxe5 Rxe5 28. Rf5 Re7 29. e5 fxe5 30. Rfxe5 Rxe5 31. Rxe5
Kf6 32. Re6+ Kf7 33. Kf2 b5 34. cxb5 Rxd5 35. Ra6 Rd7 36. a4 Ke8 37. Rc6
Rd2+ 38. Kf3 Rd4 39. Ra6 Rd7 40. Ke4 Kd8 41. Ke5 c4 42. Rc6 Rc7 43. Rxc7
Kxc7 44. Kd4 Kb6 45. Kxc4 Ka5 46. Kb3 g4 47. Ka3 a6 48. bxa6 Kxa6 49. Kb4
Kb6 50. a5+ Ka6 51. Ka4 Kb7 52. Kb5 Ka7 53. a6 Kb8 54. Kb6 Ka8 55. a7 1-0

[Event "38th Olympiad"]
[Site "Dresden GER"]
[Date "2008.11.13"]
[Round "1"]
[White "Purnama,T"]
[Black "Safin,S"]
[Result "1/2-1/2"]
[WhiteElo "2417"]
[BlackElo "2510"]
[EventDate "2008.11.13"]

1. d4 Nf6 2. c4 g6 3. Nc3 Bg7 4. Nf3 O-O 5. Bf4 d6 6. h3 c6 7. e3 a6 8. Rc1
b5 9. a3 Nbd7 10. Be2 bxc4 11. Bxc4 Rb8 12. Qe2 Nd5 13. Bxd5 cxd5 14. Nxd5
e5 15. dxe5 dxe5 16. Bg3 Bb7 17. Nb4 Qb6 18. O-O a5 19. Rfd1 Nf6 20. Bxe5
axb4 21. Rd6 Bxf3 22. Qxf3 Nd7 23. Rxb6 Nxe5 24. Qd5 Rxb6 25. f4 Nd3 26.
Qxd3 Bxb2 27. axb4 Bxc1 28. Qc3 Bxe3+ 29. Qxe3 Rb5 30. Kh2 Rfb8 31. Qe7 Kg7
32. Qe3 R8b7 33. Qc3+ f6 34. Qc8 Rxb4 35. Qc1 R4b5 36. Qe3 h5 37. h4 Rd7
38. Qe8 Rdb7 39. Kh3 Rf5 40. g3 Rfb5 41. Kg2 Rb2+ 42. Kh3 R2b5 43. Kg2 Rd5
44. Qe6 Rbd7 45. Qe8 Rd2+ 46. Kh3 f5 47. Qe6 R2d6 48. Qe8 Rd2 49. Qe6 Kh7
50. Qe8 Rb7 51. Qe6 Rdd7 52. Qe8 Re7 53. Qf8 Rf7 54. Qe8 Rbe7 55. Qd8 Re4
56. Qd6 Kg7 57. Qc5 Rfe7 58. Qc3+ Kf7 59. Qh8 R7e6 60. Qh7+ Ke8 61. Qc7 Re1
62. Qc8+ Kf7 63. Qh8 Re8 64. Qh7+ Kf6 65. Qd7 R8e2 66. Qd6+ Kg7 67. Qd4+
Kh7 68. Qa7+ Re7 69. Qc5 Re8 70. Qc7+ Kh6 1/2-1/2

[Event "38th Olympiad"]
[Site "Dresden GER"]
[Date "2008.11.13"]
[Round "1"]
[White "Ermenkov,Evgenij"]
[Black "Kazhgaleyev,M"]
[Result "1/2-1/2"]
[WhiteElo "2465"]
[BlackElo "2640"]
[EventDate "2008.11.13"]

1. c4 e5 2. Nc3 Nc6 3. g3 Bc5 4. Bg2 Nge7 5. a3 a6 6. e3 d6 7. Nge2 O-O 8.
O-O Ba7 9. b3 Be6 10. Nd5 Rb8 11. Bb2 b5 12. Bc3 f6 13. d3 Bf7 14. Nb4 Nxb4
15. axb4 Qc8 16. Qd2 d5 17. c5 Ra8 18. f4 exf4 19. gxf4 Nf5 20. Nd4 Nxd4
21. Bxd4 c6 22. Kh1 Bb8 23. Rg1 Bg6 24. Bf1 Ra7 25. Qg2 Kh8 26. Be2 Bf5 27.
Qg3 Qe6 28. Rxa6 Re7 29. Ra8 Rg8 30. Rga1 h6 31. h4 1/2-1/2

[Event "38th Olympiad"]
[Site "Dresden GER"]
[Date "2008.11.13"]
[Round "1"]
[White "Ibrayev,N"]
[Black "Ihsan,J"]
[Result "1-0"]
[WhiteElo "2448"]
[BlackElo "2166"]
[EventDate "2008.11.13"]

1. d4 Nf6 2. Nf3 g6 3. c4 Bg7 4. g3 O-O 5. Bg2 d6 6. O-O Nc6 7. Nc3 Bg4 8.
d5 Bxf3 9. exf3 Ne5 10. b3 a5 11. f4 Ned7 12. Rb1 Nc5 13. Re1 Re8 14. Be3
Qc8 15. Bd4 Qf5 16. Nb5 Qd7 17. h3 h5 18. Qf3 Rac8 19. Bc3 Ra8 20. Re2 Kf8
21. Rbe1 Kg8 22. Nd4 Nh7 23. g4 h4 24. Re3 e5 25. dxe6 fxe6 26. a3 e5 27.
fxe5 dxe5 28. Qd5+ Qxd5 29. Bxd5+ Kh8 30. Nf3 Rf8 31. Nxe5 1-0

[Event "38th Olympiad"]
[Site "Dresden GER"]
[Date "2008.11.13"]
[Round "1"]
[White "Kveinys,A"]
[Black "Gundavaa,B"]
[Result "1/2-1/2"]
[WhiteElo "2533"]
[BlackElo "2458"]
[EventDate "2008.11.13"]

1. d4 d5 2. c4 c6 3. Nf3 Nf6 4. e3 Bf5 5. Nc3 e6 6. Nh4 Bg6 7. Be2 Bd6 8.
g3 Nbd7 9. O-O Qe7 10. b3 O-O 11. Nxg6 hxg6 12. Bb2 Rfe8 13. Bf3 Rad8 14.
Qc2 g5 15. Rad1 g4 16. Bg2 Bb4 17. Ne2 Nh7 18. Nf4 Ng5 19. Qe2 f5 20. h3
gxh3 21. Nxh3 Nxh3+ 22. Bxh3 Nf6 23. Kg2 Bd6 24. Rh1 Kf7 25. Rdg1 g5 26. g4
f4 27. exf4 Bxf4 28. Kf1 e5 29. cxd5 exd4 30. Qxe7+ Rxe7 31. Bg2 c5 32. Bf3
Kg7 33. Rh3 Nxd5 34. Rgh1 Nf6 35. Be2 Ree8 36. Bd3 Rh8 37. Rxh8 Rxh8 38.
Rxh8 Kxh8 39. b4 b6 40. bxc5 bxc5 41. Ba3 Bd6 42. Bc1 Bf4 43. Ba3 Bd6 44.
Bc1 Nxg4 45. Bxg5 Kg7 46. Ke2 Ne5 47. Bb5 Kg6 48. f4 Nf7 49. Kf3 Nxg5+ 50.
fxg5 Kxg5 51. Ke4 1/2-1/2

[Event "38th Olympiad"]
[Site "Dresden GER"]
[Date "2008.11.13"]
[Round "1"]
[White "Zagorskis,D"]
[Black "Bayarmandah,B"]
[Result "1-0"]
[WhiteElo "2509"]
[BlackElo "2339"]
[EventDate "2008.11.13"]

1. c4 e5 2. Nc3 Nf6 3. Nf3 d6 4. d4 Nbd7 5. e4 Be7 6. Be2 O-O 7. O-O Re8 8.
Qc2 c6 9. d5 g6 10. Be3 c5 11. Ne1 Nb8 12. h3 Bf8 13. Nd3 Bg7 14. a3 Rf8
15. b4 b6 16. bxc5 bxc5 17. Rab1 Ne8 18. Rb2 f5 19. Rfb1 Nd7 20. f3 Nb6 21.
Nf2 fxe4 22. Nfxe4 Bf5 23. Bd3 Nf6 24. Nb5 Bxe4 25. fxe4 Nh5 26. Qd2 Nf4
27. Bf1 Qe7 28. g3 Nh5 29. Kg2 Rxf1 30. Rxf1 Nxc4 31. Qe2 Nxb2 32. Qxb2 Rf8
33. Rxf8+ Bxf8 34. Nc3 Qc7 35. Qb5 Nf6 36. a4 Be7 37. Bg5 Kf7 38. Bxf6 Kxf6
39. Qa6 Qb6 40. Qxb6 axb6 41. Nb5 Bf8 42. Na3 Ke7 43. Nc4 Kd7 44. Nxb6+ Kc7
45. Nc4 h5 46. Kf3 Be7 47. g4 Kb7 48. gxh5 gxh5 49. Ke2 Ka6 50. Kd3 Bf8 51.
Kc2 Be7 52. Kb3 Bf8 53. Ne3 Kb6 54. Nf5 Kb7 55. Ng3 Kc8 56. Nxh5 Be7 57.
Ng3 Bd8 58. Nf5 Kd7 59. Kc4 Bc7 60. Kb5 Bb8 61. a5 Ke8 62. Kb6 Kd7 63. Kb7
1-0

[Event "38th Olympiad"]
[Site "Dresden GER"]
[Date "2008.11.13"]
[Round "1"]
[White "Battulga,N"]
[Black "Sarakauskas,G"]
[Result "1/2-1/2"]
[WhiteElo "2317"]
[BlackElo "2429"]
[EventDate "2008.11.13"]

1. e4 e5 2. Nf3 Nc6 3. Bc4 Nf6 4. d4 exd4 5. e5 d5 6. Bb5 Ne4 7. Nxd4 Bd7
8. Bxc6 Bxc6 9. O-O Bc5 10. Be3 O-O 11. Nd2 Bxd4 12. Bxd4 b6 13. Re1 Bb7
14. Qg4 Qg5 15. Rxe4 Qxd2 16. Be3 Qxc2 17. Bh6 g6 18. Qh4 f6 19. Ree1 Rf7
20. e6 Re7 21. Qxf6 Rae8 22. Re3 d4 23. Qxd4 Qc6 24. f3 Qd5 25. Qf6 Qf5 26.
Qxf5 gxf5 27. Rae1 Bd5 28. f4 Rxe6 29. Rg3+ Kh8 30. Bg7+ Kg8 31. Bh6+ Kh8
32. Bg7+ Kg8 33. Bh6+ Kh8 1/2-1/2

[Event "38th Olympiad"]
[Site "Dresden GER"]
[Date "2008.11.13"]
[Round "1"]
[White "Dive,RJ"]
[Black "Harper,R"]
[Result "0-1"]
[WhiteElo "2357"]
[BlackElo "2233"]
[EventDate "2008.11.13"]

1. c4 e5 2. g3 Nf6 3. Bg2 Nc6 4. a3 Be7 5. Nc3 O-O 6. b4 a5 7. b5 Nd4 8. e3
Ne6 9. d4 exd4 10. exd4 c6 11. d5 cxd5 12. cxd5 Qc7 13. Nge2 Nc5 14. O-O d6
15. Nd4 Ng4 16. f4 Bf6 17. Nce2 Re8 18. Ra2 Ne3 19. Bxe3 Rxe3 20. Rf3 Qe7
21. Qd2 Rxf3 22. Bxf3 Bd7 23. Kg2 a4 24. Rc2 Re8 25. Kf2 Bh3 26. Rc4 Ne4+
27. Bxe4 Qxe4 28. Qd1 Qg2+ 29. Ke1 Bg4 30. Rc2 Qg1+ 31. Kd2 Qe3+ 32. Ke1
Bc8 0-1

[Event "38th Olympiad"]
[Site "Dresden GER"]
[Date "2008.11.13"]
[Round "1"]
[White "Merritt,M"]
[Black "Smith,Ro"]
[Result "1-0"]
[WhiteElo "2123"]
[BlackElo "2316"]
[EventDate "2008.11.13"]

1. c4 e5 2. Nc3 Nf6 3. Nf3 Nc6 4. g3 Bb4 5. Bg2 O-O 6. O-O Bxc3 7. bxc3 d6
8. Rb1 Rb8 9. d3 h6 10. e4 Nd7 11. Nh4 Nf6 12. h3 Be6 13. Kh2 Re8 14. Rb2
b6 15. f4 Nh7 16. Qe1 f6 17. f5 Bf7 18. g4 Ne7 19. Nf3 Kf8 20. h4 Ng8 21.
Qg3 Ke7 22. Bh3 Rf8 23. g5 hxg5 24. hxg5 Nxg5 25. Bxg5 fxg5 26. Nxe5 dxe5
27. Qxe5+ Kd7 28. f6+ g4 29. Bxg4+ Kc6 30. fxg7 Qh4+ 31. Bh3 Nh6 32. Rf4
Qd8 33. gxf8=Q Qxf8 34. Be6 Bxe6 35. Qxe6+ Qd6 36. Qd5+ Qxd5 37. cxd5+ Kb7
38. Rg2 Rd8 39. Rg6 Ng8 40. Rf7 Re8 41. Rgg7 Nh6 42. Rxc7+ Kb8 43. Rg3 Ng8
1-0

[Event "38th Olympiad"]
[Site "Dresden GER"]
[Date "2008.11.13"]
[Round "1"]
[White "Nokes,R"]
[Black "Cave,C"]
[Result "1-0"]
[WhiteElo "2293"]
[BlackElo "2250"]
[EventDate "2008.11.13"]

1. e4 e6 2. Qe2 c5 3. Nf3 Nc6 4. c3 Nf6 5. g3 d5 6. d3 d4 7. Bg2 Be7 8. O-O
O-O 9. e5 Ne8 10. c4 Rb8 11. h4 Bd7 12. Bf4 b5 13. Nbd2 Nb4 14. b3 Bc6 15.
Ne4 Qd7 16. Bg5 bxc4 17. bxc4 h6 18. Bxe7 Qxe7 19. Nh2 f5 20. exf6 Nxf6 21.
a3 Nxe4 22. Bxe4 Bxe4 23. Qxe4 Na6 24. Ng4 Nc7 25. Rab1 Qd6 26. Ne5 Rb6 27.
Rxb6 axb6 28. Rb1 Rb8 29. Nc6 Ra8 30. Rxb6 Rf8 31. Rb7 Re8 32. Ne5 Rf8 33.
a4 Ne8 34. f4 Qa6 35. Qc6 Qa5 36. Qxe6+ Kh7 37. Nd7 Rg8 38. Rb8 Qxa4 39.
Rxe8 Rxe8 40. Qxe8 Qd1+ 41. Kg2 Qd2+ 42. Kh3 Qxd3 43. Qe5 Qf1+ 44. Kg4 Qd1+
45. Kf5 Qd3+ 46. Qe4 Qxg3 47. Nxc5 Qxh4 48. Ke5+ Kg8 49. Kxd4 Qf2+ 50. Kd5
Qd2+ 51. Nd3 Qa2 52. f5 Qa8+ 53. Kd4 Qa1+ 54. Ke3 Qg1+ 55. Kd2 Qg5+ 56. Kc3
Qg1 57. Qe8+ Kh7 58. Qg6+ Qxg6 59. fxg6+ Kxg6 60. Kb4 1-0

[Event "38th Olympiad"]
[Site "Dresden GER"]
[Date "2008.11.13"]
[Round "1"]
[White "Singh,Rav"]
[Black "Lukey,S"]
[Result "1-0"]
[WhiteElo "2084"]
[BlackElo "2271"]
[EventDate "2008.11.13"]

1. e4 e6 2. d4 d5 3. exd5 exd5 4. Nc3 Bb4 5. Bd3 Ne7 6. Bg5 Nbc6 7. Nge2
Bg4 8. f3 Bh5 9. Qd2 Bg6 10. Bb5 Qd7 11. O-O-O a6 12. Bd3 f6 13. Bh4 O-O-O
14. g4 Kb8 15. Bg3 Nc8 16. a3 Be7 17. Bxg6 hxg6 18. Nf4 Nb6 19. Nxg6 Nc4
20. Qd3 Rhe8 21. Nxe7 Rxe7 22. Rde1 Rde8 23. Rxe7 Rxe7 24. Re1 Rxe1+ 25.
Bxe1 N6a5 26. Nd1 Qb5 27. Bb4 Nc6 28. Bc3 Qb6 29. h4 Na7 30. Bb4 Nb5 31.
Bc5 Qe6 32. a4 Nbd6 33. b3 Na5 34. Qh7 Qf7 35. Bxd6 cxd6 36. h5 Qc7 37.
Qg8+ Ka7 38. Qxd5 Nc6 39. Qc4 Qb6 40. f4 Nxd4 41. a5 Qc5 42. Qxc5+ dxc5 43.
Kd2 Kb8 44. Kd3 Kc7 45. Ne3 Kd6 46. b4 Ne6 47. Ke4 cxb4 48. Nf5+ Kd7 49.
Nxg7 Nxg7 50. h6 Ne8 51. Kf5 Ke7 52. Kg6 Nd6 53. h7 Nf7 54. Kg7 1-0

[Event "38th Olympiad"]
[Site "Dresden GER"]
[Date "2008.11.13"]
[Round "1"]
[White "Russell,MKA"]
[Black "Olsen,H"]
[Result "0-1"]
[WhiteElo "2230"]
[BlackElo "2376"]
[EventDate "2008.11.13"]

1. d4 d5 2. c4 c6 3. Nf3 Nf6 4. Nc3 a6 5. e3 b5 6. c5 Nbd7 7. b4 g6 8. a4
Bb7 9. axb5 axb5 10. Rxa8 Qxa8 11. Be2 Bg7 12. O-O O-O 13. Bb2 Qb8 14. Qc2
Re8 15. Ra1 Bc8 16. Ra5 e5 17. Nxe5 Nxe5 18. dxe5 Bf5 19. Qc1 Nd7 20. f4 f6
21. exf6 Bxf6 22. Qa1 g5 23. Bh5 Rf8 24. g3 d4 25. Nd1 gxf4 26. exf4 Qd8
27. Bxd4 Qe7 28. Ne3 Bh3 29. Ra7 Qe4 30. Rxd7 Bxd7 31. Bxf6 Qxe3+ 32. Kg2
Qd2+ 33. Kf3 Qd5+ 0-1

[Event "38th Olympiad"]
[Site "Dresden GER"]
[Date "2008.11.13"]
[Round "1"]
[White "Elbaruni,M"]
[Black "Lim Yee Weng"]
[Result "1/2-1/2"]
[WhiteElo "2072"]
[BlackElo "2396"]
[EventDate "2008.11.13"]

1. d4 c5 2. c3 e6 3. Nf3 Nf6 4. Bf4 b6 5. e3 Bb7 6. Nbd2 Be7 7. h3 d5 8.
Bb5+ Nfd7 9. Ne5 O-O 10. Ndf3 Nxe5 11. Nxe5 a6 12. Bd3 Nc6 13. Qh5 f5 14.
Nf3 Qe8 15. Qxe8 Rfxe8 16. g4 g6 17. gxf5 exf5 18. Kd2 c4 19. Bc2 Nd8 20.
Rag1 Ne6 21. h4 Nxf4 22. exf4 Kg7 23. h5 Bd6 24. Ne5 Bxe5 25. fxe5 Bc8 26.
hxg6 hxg6 27. f4 Be6 28. Rg5 Rh8 29. Rhg1 Rh6 30. Bxf5 Bxf5 31. Rxf5 Rf8
32. Rxf8 Kxf8 33. Rg2 Kf7 34. Ke2 b5 35. Kf3 Rh3+ 36. Kg4 Rh1 37. f5 gxf5+
38. Kxf5 Rf1+ 39. Kg5 a5 40. a3 Rd1 41. Rf2+ Ke7 42. Rh2 b4 43. Rh7+ Ke6
44. Rh6+ Ke7 45. Rd6 b3 46. Rxd5 Rd2 47. Rxa5 Rxb2 48. d5 Rb1 49. Ra7+ Kd8
50. d6 Rd1 51. Rb7 Kc8 52. Rb6 Kd7 53. Kf5 Rf1+ 54. Ke4 Rd1 55. a4 Ke6 56.
Rb7 Re1+ 57. Kd4 Rd1+ 58. Kxc4 Kxe5 59. Rxb3 Kxd6 60. Ra3 Kc6 61. a5 Kb7
62. a6+ Ka7 63. Kc5 Rh1 64. c4 Rh5+ 65. Kb4 Rh1 66. Kb5 Rb1+ 67. Kc6 Rh1
68. Rd3 Rc1 69. c5 Ra1 70. Rd7+ Kxa6 71. Rd2 Ka7 72. Kc7 Ka6 73. c6 Kb5 74.
Rd5+ Ka6 75. Kc8 Kb6 76. c7 Kc6 77. Rb5 1/2-1/2

[Event "38th Olympiad"]
[Site "Dresden GER"]
[Date "2008.11.13"]
[Round "1"]
[White "Asabri,Hu"]
[Black "Liew Chee Meng Jimmy"]
[Result "0-1"]
[WhiteElo "2191"]
[BlackElo "2306"]
[EventDate "2008.11.13"]

1. d4 Nf6 2. Nf3 g6 3. g3 Bg7 4. Bg2 O-O 5. c4 d6 6. O-O Nc6 7. Nc3 a6 8.
h3 Rb8 9. e4 Nd7 10. Be3 b5 11. cxb5 axb5 12. Rc1 Na5 13. b3 c5 14. dxc5
Nxc5 15. b4 Bxc3 16. Rxc3 Nxe4 17. Rxc8 Rxc8 18. bxa5 Qxa5 19. Nd4 Nc3 20.
Qe1 b4 21. Nc6 Qc7 22. Nxb4 Qc4 23. a3 e6 24. Qd2 d5 25. Bh6 Rfe8 26. Kh2
Nb5 27. Nd3 Qd4 28. Be3 Qc3 29. a4 Nd6 30. Qe2 Qc2 31. Qxc2 Rxc2 32. Ne5
Ra2 33. Nd7 Rc8 34. Rb1 Rxa4 35. Rb6 Nc4 36. Rb7 Nxe3 37. fxe3 Ra2 38. Nf6+
Kg7 39. Nd7 Raa8 40. Rc7 Rh8 41. Bf1 0-1

[Event "38th Olympiad"]
[Site "Dresden GER"]
[Date "2008.11.13"]
[Round "1"]
[White "Aristotelous,V"]
[Black "Khouseinov,R"]
[Result "0-1"]
[WhiteElo "1920"]
[BlackElo "2348"]
[EventDate "2008.11.13"]

1. e4 e5 2. d4 exd4 3. Nf3 d6 4. Bc4 Be6 5. Bxe6 fxe6 6. Nxd4 Qf6 7. Nc3 c6
8. Be3 e5 9. Nf3 Nh6 10. Qd2 Nf7 11. O-O Be7 12. Rad1 O-O 13. Ne2 Na6 14.
Ng3 g6 15. c4 Nc7 16. h3 Ne6 17. Nh2 h5 18. Ne2 Nfg5 19. Qc2 Nf4 20. Nxf4
exf4 21. Bd4 Qe6 22. f3 Nf7 23. Rfe1 Kh7 24. Qc3 Ne5 25. b3 Bf6 26. Nf1 g5
27. Qd2 Rf7 28. Nh2 Rg8 29. Bxe5 Bxe5 30. Qe2 a5 31. Rc1 a4 32. b4 a3 33.
Qd3 Ra8 34. Kh1 Kh6 35. Red1 Ra4 36. Rb1 Bb2 37. Qxd6 Qxd6 38. Rxd6+ Kg7
39. Nf1 Rxb4 40. Nd2 Ra4 41. Rd3 Kf6 42. Rd1 Ke6 43. Nb1 Re7 44. Rd6+ Kf7
45. R6d3 Kf6 46. Rd6+ Re6 47. c5 Rxd6 48. Rxd6+ Ke7 49. Rh6 Rd4 50. Rh7+
Kd8 51. Rh8+ Kc7 0-1

[Event "38th Olympiad"]
[Site "Dresden GER"]
[Date "2008.11.13"]
[Round "1"]
[White "Isaev,J"]
[Black "Constantinou,Pa"]
[Result "1-0"]
[WhiteElo "2400"]
[BlackElo "2093"]
[EventDate "2008.11.13"]

1. e4 c6 2. d4 d5 3. e5 Bf5 4. Nc3 e6 5. g4 Bg6 6. Nge2 c5 7. h4 h5 8. Nf4
Bh7 9. Nxh5 Nc6 10. Bb5 cxd4 11. Qxd4 Qc7 12. Bg5 a6 13. Qa4 Rc8 14. Bxc6+
Qxc6 15. Qxc6+ Rxc6 16. O-O-O Bb4 17. Nxg7+ Kf8 18. Nh5 Bxc3 19. bxc3 Rxc3
20. Rd2 Be4 21. Rg1 Ne7 22. Nf6 Bh7 23. Bh6+ 1-0

[Event "38th Olympiad"]
[Site "Dresden GER"]
[Date "2008.11.13"]
[Round "1"]
[White "Savva,P"]
[Black "Djuraev,S"]
[Result "0-1"]
[WhiteElo "2093"]
[BlackElo "2339"]
[EventDate "2008.11.13"]

1. d4 Nf6 2. c4 g6 3. Nc3 Bg7 4. e4 d6 5. Nf3 O-O 6. Be2 Bg4 7. Ng1 Bd7 8.
Nf3 c5 9. O-O cxd4 10. Nxd4 Nc6 11. Be3 Nxd4 12. Bxd4 Bc6 13. f3 a5 14. Nd5
Nd7 15. Bxg7 Kxg7 16. Qd4+ e5 17. Qd2 Bxd5 18. cxd5 f5 19. Rac1 Nc5 20. Qe3
f4 21. Qd2 Qb6 22. Kh1 Qb4 23. Rfd1 Rfc8 24. Rc4 Qxd2 25. Rxd2 b5 26. Rc1
a4 27. Rdc2 b4 28. Rc4 Kf6 29. Kg1 Rab8 30. Bd1 Rg8 31. Be2 g5 32. h3 h5
33. Kf2 Rgc8 34. Kg1 Rc7 35. Bd1 a3 36. bxa3 bxa3 37. R4c3 Ra7 38. Bb3 Rb4
39. Kf1 g4 40. hxg4 hxg4 41. Ke2 gxf3+ 42. gxf3 Rh7 43. Kf2 Rh2+ 44. Kg1
Nxb3 45. Kxh2 Nxc1 46. Rxc1 Rb2+ 47. Kh3 Rxa2 48. Rc6 Ke7 49. Kg4 Re2 50.
Rc7+ Kf6 51. Rc6 Rg2+ 52. Kh5 Ke7 53. Rc7+ Kd8 54. Ra7 a2 55. Kh4 Kc8 56.
Kh3 Kb8 57. Ra3 Rg3+ 58. Kh4 Rxf3 59. Rxa2 Re3 60. Ra4 Kb7 61. Kg4 Kb6 62.
Rc4 Kb5 63. Rc6 Rxe4 64. Rxd6 Kc5 65. Rd8 Rd4 66. Kf5 Rxd5 67. Ra8 Kd4 68.
Ra4+ Ke3 0-1

[Event "38th Olympiad"]
[Site "Dresden GER"]
[Date "2008.11.13"]
[Round "1"]
[White "Nazarov,A"]
[Black "Klerides,P"]
[Result "1-0"]
[WhiteElo "2344"]
[BlackElo "2212"]
[EventDate "2008.11.13"]

1. e3 Nf6 2. b3 g6 3. Bb2 Bg7 4. Nf3 O-O 5. Be2 d6 6. O-O e5 7. d3 c6 8. c4
Re8 9. Qc2 a5 10. Nbd2 Na6 11. a3 Qb6 12. Rfe1 Bf5 13. Nh4 Bd7 14. d4 e4
15. g3 c5 16. Rab1 g5 17. Ng2 Bf5 18. Nf1 Nd7 19. Red1 Rad8 20. Bc3 Qc7 21.
Rbc1 Nab8 22. b4 axb4 23. axb4 Bg6 24. Qd2 Nf8 25. Rb1 Nc6 26. Qb2 cxd4 27.
exd4 e3 28. Bd3 Bxd3 29. Rxd3 exf2+ 30. Qxf2 d5 31. c5 Ne6 32. Rbd1 Ne7 33.
Nge3 b6 34. Nf5 Nxf5 35. Qxf5 bxc5 36. bxc5 h6 37. Qf2 Qc6 38. Ne3 Ra8 39.
Nf5 Ra7 40. Rf1 Rf8 41. h4 Qa6 42. Re3 Qa2 43. Nxg7 Qxf2+ 44. Rxf2 Kxg7 45.
Rf5 Rd8 46. hxg5 Nxg5 47. Kf1 Ra3 48. Bd2 Ra2 49. Re2 Ra1+ 50. Kg2 Ne4 51.
Bf4 Ra6 52. Rc2 Kg6 53. Re5 Rc6 54. Rb2 Nf6 55. Re7 Rd7 56. Re1 Ra7 57. Rh1
h5 58. Rhb1 Nd7 59. Rb7 Rxb7 60. Rxb7 Nxc5 61. dxc5 Rxc5 62. Kf3 Rc3+ 63.
Ke2 Rc4 64. Kf3 Rc3+ 65. Kg2 Rc2+ 66. Kh3 Rc5 67. Rd7 Rb5 68. Rd6+ Kg7 69.
Kh4 d4 70. Rxd4 Kg6 71. Rd8 Rb1 72. Kh3 Rh1+ 73. Kg2 Rb1 74. Rg8+ Kh7 75.
Rg5 f6 76. Rxh5+ Kg6 77. Rd5 Rb3 78. Kh3 Rb1 79. Rc5 Rb3 80. Bd2 Rd3 81.
Bc3 Rd6 82. Kg4 Ra6 83. Rc4 Re6 84. Rf4 Rc6 85. Bxf6 1-0

[Event "38th Olympiad"]
[Site "Dresden GER"]
[Date "2008.11.13"]
[Round "1"]
[White "Mateo,Ra"]
[Black "Warner,De"]
[Result "1-0"]
[WhiteElo "2488"]
[BlackElo "2226"]
[EventDate "2008.11.13"]

1. d4 d5 2. c4 c6 3. cxd5 cxd5 4. Nc3 Nc6 5. Bf4 Nf6 6. e3 e6 7. Bd3 Bd6 8.
Nge2 O-O 9. O-O Bxf4 10. Nxf4 b6 11. Rc1 Bb7 12. Re1 Qe7 13. a3 Rfc8 14. b4
a5 15. Na4 Nd7 16. b5 Na7 17. Qb3 Qd6 18. Red1 g6 19. Bf1 Rc7 20. Rxc7 Qxc7
21. Nd3 Rc8 22. Rc1 Qd6 23. Rxc8+ Nxc8 24. Qc3 f6 25. Nf4 Ne7 26. g3 Nf8
27. Nd3 Bc8 28. Nc1 Bd7 29. Nb2 h5 30. a4 h4 31. Nbd3 hxg3 32. hxg3 g5 33.
Ne2 Nfg6 34. Bg2 e5 35. e4 dxe4 36. Bxe4 exd4 37. Nxd4 Ne5 38. Nxe5 Qxe5
39. Qc4+ Kf8 40. Nc6 Qd6 41. Nd8 Ke8 42. Nc6 Bxc6 43. bxc6 Kd8 44. Qa6 Nc8
45. Qb7 Qc7 46. Qa6 Nd6 47. Bd5 f5 48. Qa8+ Qc8 49. c7+ Ke7 50. Qc6 Ne8 51.
Qxb6 Qxc7 52. Qg6 Qc1+ 53. Kg2 Nc7 54. Qxf5 Nxd5 55. Qe5+ Kf8 56. Qxd5 Qe1
57. Qc5+ Kf7 58. Qf5+ Ke8 59. Qg6+ Kf8 60. Qf6+ Ke8 61. Qf5 Qb4 62. Qxg5
Qxa4 63. Qe5+ Kf7 64. Qd5+ Kg6 65. Qe6+ Kg7 66. g4 Qb5 67. Kg3 a4 68. Qe7+
Kg8 69. g5 Qb3+ 70. f3 Qb8+ 71. f4 Qb3+ 72. Kh4 Qf7 73. Qd8+ Qf8 74. Qd5+
Kg7 75. Qd4+ Kg6 76. Qe4+ Qf5 77. Qxa4 Qe6 78. Qc2+ Kg7 79. Qc3+ Kg6 80.
Qe5 Qa2 81. f5+ Kf7 82. g6+ Kf8 83. Qf6+ 1-0

[Event "38th Olympiad"]
[Site "Dresden GER"]
[Date "2008.11.13"]
[Round "1"]
[White "Del Castilho,M"]
[Black "Dominguez,JM"]
[Result "0-1"]
[WhiteElo "2161"]
[BlackElo "2345"]
[EventDate "2008.11.13"]

1. e4 Nc6 2. Nf3 e5 3. Bb5 g6 4. d4 exd4 5. Bg5 f6 6. Bh4 Bg7 7. O-O Nh6 8.
Nxd4 O-O 9. Nc3 Kh8 10. f4 Nxd4 11. Qxd4 c6 12. Bd3 d6 13. f5 Ng4 14. Bg3
Ne5 15. Rad1 gxf5 16. exf5 d5 17. Qh4 Qb6+ 18. Kh1 Nxd3 19. Rxd3 Qxb2 20.
Bd6 Rg8 21. Rh3 Bxf5 22. g4 Bxc2 23. Re1 Rae8 24. Ne4 Bxe4+ 0-1

[Event "38th Olympiad"]
[Site "Dresden GER"]
[Date "2008.11.13"]
[Round "1"]
[White "Hernandez,Gu DOM"]
[Black "Howell,Sh"]
[Result "1-0"]
[WhiteElo "2360"]
[BlackElo "2006"]
[EventDate "2008.11.13"]

1. Nf3 Nf6 2. c4 c6 3. d4 d5 4. Nc3 Nbd7 5. cxd5 cxd5 6. Bf4 e6 7. e3 Bb4
8. Bd3 O-O 9. O-O Qe7 10. Rc1 b6 11. a3 Bd6 12. Bxd6 Qxd6 13. Nb5 Qe7 14.
Qa4 a6 15. Rc2 e5 16. dxe5 Nxe5 17. Nxe5 Qxe5 18. Qd4 Ng4 19. Qxe5 Nxe5 20.
Nc7 Ra7 21. Be2 Bf5 22. Rc3 Rd8 23. Rd1 b5 24. Rxd5 Rxd5 25. Nxd5 g6 26. f4
Nc4 27. Bxc4 bxc4 28. Rxc4 Be6 29. Rc5 a5 30. Nc7 Bf5 31. Nb5 Rb7 32. Nd6
Rxb2 33. Nxf5 gxf5 34. Rxa5 Re2 35. Re5 f6 36. Kf1 Ra2 37. Rxf5 Rxa3 38.
Rxf6 Rxe3 39. Kf2 Re4 40. Kf3 Re1 41. Ra6 Kg7 42. g4 Rf1+ 43. Kg3 h5 44.
Ra7+ Kg6 45. f5+ Kh6 46. Ra6+ Kh7 47. h3 Rb1 48. Kh4 Rb7 49. Kxh5 Kg8 50.
Ra8+ Kh7 51. g5 Kg7 52. h4 Kh7 53. f6 Rb5 54. Ra7+ Kh8 55. Kg6 Rb8 56. Rh7+
Kg8 57. f7+ Kf8 58. Rh8+ Ke7 59. Rxb8 1-0